| 000 | 00366nam a22001457a 4500 | ||
|---|---|---|---|
| 041 | _aENG | ||
| 100 | _aPamela J | ||
| 245 | _aBarron's How To Prepare For The Toefl Test Of English As a Forelgn Language | ||
| 250 | _a9TH ED | ||
| 260 |
_aDelhi _bGalgoti Pub _c2000 |
||
| 300 | _a696 | ||
| 650 | _aCompetitive Exam | ||
| 700 | _aSharpe | ||
| 856 | _uCompetitive Exam | ||
| 999 |
_c562 _d562 |
||